Normal view
MARC view
Entry Personal Name
001 - CONTROL NUMBER
- control field: 12384
003 - CONTROL NUMBER IDENTIFIER
- control field: OSt
005 - DATE AND TIME OF LATEST TRANSACTION
- control field: 20150920131239.0
008 - FIXED-LENGTH DATA ELEMENTS
- fixed length control field: 150920|| aca||aabn | a|a d
040 ## - CATALOGING SOURCE
- Original cataloging agency: OSt
- Transcribing agency: OSt
100 ## - HEADING--PERSONAL NAME
- Personal name: Mukhopadhyay, Arun Kumar
670 ## - SOURCE DATA FOUND
- Source citation: Work cat.: (OSt)7653: Mukhopadhyay, Arun Kumar, Pramatha Chaudhuri, 1970









